Κριτική της πολιτικής οικονομίας
Αποθηκεύτηκε σε:
| Κύριος συγγραφέας: | |
|---|---|
| Μορφή: | Βιβλίο |
| Γλώσσα: | Greek |
| Δημοσίευση: |
Αθήναι :
Οικονομική και φιλοσοφική βιβλιοθήκη,
|
| Θέματα: | |
| Ετικέτες: |
Προσθήκη ετικέτας
Δεν υπάρχουν, Καταχωρήστε ετικέτα πρώτοι!
|
MARC
| LEADER | 00000nam a2200000 i 4500 | ||
|---|---|---|---|
| 001 | 1/43309 | ||
| 008 | 960425s1981 gre d | ||
| 035 | |l 10025754 | ||
| 040 | |a GR-MY-UA |b gre |e aacr | ||
| 041 | 0 | |a gre | |
| 082 | 0 | |a 335.412 | |
| 100 | 1 | |a Marx, Karl, |d 1818-1883. | |
| 245 | 1 | 0 | |a Κριτική της πολιτικής οικονομίας / |c Karl Marx |
| 260 | |a Αθήναι : |b Οικονομική και φιλοσοφική βιβλιοθήκη, | ||
| 300 | |a 159 σ. | ||
| 650 | 0 | 0 | |a Capital. |
| 650 | 0 | 0 | |a Marxian economics. |
| 650 | 0 | 0 | |a Economics. |
| 852 | |a INST |b CHIOS |e 19960425 |h 335.412 MAR |p 005200005284 |q 005200005284 |t BK |y 0 | ||
| 909 | |a Χ |b 003566 | ||